The NEW Quiz: all answers contain the word new - Statistics

General Stats
  • This quiz has been taken 37 times
  • The average score is 5 of 12
Answer Stats
Hint Answer % Correct
NYC original name New Amsterdam
85%
US Boy band New Kids on the Block
71%
Scots celebrate this at hogmanay New year
68%
A series of programs introduced during Great Depression by Roosevelt The New Deal
62%
Aldous Huxley book Brave New World
56%
Manchester band formed from Joy Division after the death of Ian Curtis New Order
32%
Martin Scorsese Best Film Oscar nominated film from 2002 with Daniel Day Lewis and Cameron Diaz Gangs of New York
21%
British youth cult/ fashion from early-mid 80s, included Duran Duran and Spandau Ballet New romantic
21%
Army formed in February 1645 that won the English Civil War for Parliament (and a fantastic alternative band from Bradford!) New Model Army
18%
Someone in a new job in a senior position who is expected to make a lot of changes A new broom
15%
Belief in the importance of something that is worthless, or fear to point out an obvious truth that is counter to prevailing opinion. The emperor's new clothes
6%
A new job or place to live that offers new experiences or opportunities Pastures new
0%
No matching quizzes found
Score Distribution
Percent of People with Each Score
Percentile by Number Answered
Your Score History
You have not taken this quiz